| 000 | 00784nam a2200205 a 4500 | ||
|---|---|---|---|
| 005 | 20240924070946.0 | ||
| 008 | 050808s2003 000 eng d | ||
| 020 | _a8476586477 | ||
| 035 | _aUPN01000140939 | ||
| 049 | _aCG | ||
| 050 | 4 |
_aJC251 _bR6.6 |
|
| 100 | 1 |
_aRodríguez Zepeda, Jesús _935189 |
|
| 245 | 1 | 3 |
_aLa política del consenso : _buna lectura crítica de El liberalismo político de John Rawls / _cJesús Rodríguez Zepeda. |
| 260 |
_aBarcelona, Esp. : _bAnthropos: _bUAM-Iztapalapa, División de Ciencias Sociales y Humanidades, _c2003. |
||
| 300 | _a251 p. | ||
| 440 | 0 |
_aPensamiento crítico/pensamiento utópico ; _v132. _pArgumentos de la política |
|
| 600 | 1 | 4 |
_aRAWLS, JOHN, _d1921- - _xCRITICA E INTERPRETACION |
| 650 | 4 |
_aLiberalismo _915125 |
|
| 905 | _aLibro | ||
| 999 |
_c113087 _d113087 |
||